000 00408nam a2200145Ia 4500
008 100204s9999 xx 000 0 und d
082 _b8380
100 _aवाळिंबे शरदचंद्र्र
245 _aजंग
260 _b"उदयदीप प्रकाशन , मुंबई"
_c1986
300 _a158
630 _aजंग
730 _aजंग
942 _cBOOK
999 _c452816
_d452813